00000000nam##2200000za#4500
0019.700283
003CaOODSP
00520250506145324
007cr |||||||||||
008150407|1975||||xxc|||||o    f|0| 0 eng|d
040 |aCaOODSP|beng
043 |an-cn---
0861 |aA43-1299/1975E-PDF
1101 |aCanada.|bAgriculture Canada.
24510|aLegume inoculation |h[electronic resource]
250 |aPrinted 1966, Reprinted 1972, 1975
260 |aOttawa - Ontario : |bAgriculture Canada |c1975.
300 |a12p.|btables
500 |aHistorical publication digitized by Agriculture and Agri-Food Canada.
590 |a15-02-Supp|b2015-02-16
69007|aAgricultural technology|2gcpds
69007|aCrops|2gcpds
69007|aPesticides|2gcpds
85640|ahttp://publications.gc.ca|qPDF|s646 KB|uhttps://publications.gc.ca/collections/collection_2015/aac-aafc/A43-1299-1975-eng.pdf
986 |aPublication 1299